Statistics for 10 Biggest Cities in Order: India

Click here to take the quiz!

General Stats

  • This quiz has been taken 166 times
  • The average score is 8 of 10

Answer Stats

#Answer% Correct
1Delhi
100%
2Mumbai
99%
3Kolkata
93%
5Chennai
90%
4Bangalore
87%
6Hyderabad
84%
7Ahmedabad
77%
8Pune
71%
9Surat
55%
10Jaipur
53%

Score Distribution

Percentile by Number Answered

Percent of People with Each Score

Your Score History

You have not taken this quiz